000 00660nam a2200265Ia 4500
005 20260121165929.0
008 008 260114s9999 xx 000 0 eng d
020 _a9783319394268
037 _aEBOOK
040 _aCRL
040 _beng
040 _cCRL
041 _2eng
041 _aeng
084 _qCRL
100 _aWitold Abramowicz, Rainer Alt, Bogdan Franczyk
_91057744
245 0 _aBusiness Information Systems
260 _bSpringer
260 _bSpringer
260 _c2016
856 _uhttps://link.springer.com/openurl?genre=book&isbn=978-3-319-39426-8
942 _cEBOOK
999 _c1623473
_d1623473